[Event "48th Rilton Cup 2018"]
[Site "Stockholm"]
[Date "2018.12.30"]
[Round "4"]
[White "D`Costa, Lorin A R"]
[Black "Sengupta, Deep"]
[Result "1-0"]
[WhiteElo "2390"]
[BlackElo "2565"]
[Annotator "TA"]
[PlyCount "117"]
[EventDate "2018.12.27"]
[EventType "swiss"]
[EventCountry "SWE"]
[SourceTitle "playchess.com"]
[Source "ChessBase"]
[SourceQuality "1"]

{[%evp 20,117,37,22,34,29,31,36,30,24,37,32,25,31,36,21,27,0,14,1,8,0,0,0,0,0,20,21,61,0,155,168,212,177,300,294,307,310,299,307,307,289,310,308,312,312,326,302,392,372,566,535,517,534,514,492,586,590,584,586,583,551,574,555,510,0,576,560,570,561,732,748,2450,2530,1473,841,839,835,1169,1166,1425,1377,6514,6411,12838,12792,6549,6490,29955,5601,29971,29969,29961,6614,29981,29981,29981,29981,29981,29982]} 1. Nf3 Nf6 2. g3 g6 3. Bg2 Bg7 4. O-O O-O 5. d4 d6 6. a4 a5 7. Nc3 c6 8. h3 {A49: 1 d4 Nf6 2 Nf3 g6 3 g3: Anti-King's Indian systems} (8. e4 Qc7 9. Bf4 Nh5 10. Be3 Na6 11. Qd2 Nb4 12. Rfe1 Nf6 13. Rad1 Ng4 14. Bg5 h6 15. Bf4 e5 16. dxe5 dxe5 {1-0 (74) Ragger,M (2687)-Petrosian,T (2625) Minsk 2015}) 8... Qc7 9. e4 e5 10. Re1 Na6 11. Be3 {LiveBook: 3 Games} Bd7 $146 ({Predecessor:} 11... Re8 12. Qd2 b6 13. Rad1 Bb7 14. dxe5 dxe5 15. Qd6 Qxd6 16. Rxd6 {½-½ (34) Hangweyrer,M (2390)-Groetz,H (2282) Austria 2016}) 12. Qd2 Rad8 13. Rad1 Bc8 14. Re2 Rfe8 15. Bh6 Nb4 16. Qg5 Nd7 17. Bxg7 Kxg7 18. Nb1 f6 19. Qd2 d5 20. c3 dxe4 21. Rxe4 Nd5 22. Rde1 $36 {[%mdl 2048] White fights for an advantage.} f5 23. Rh4 h5 24. Rxh5 ({White should play} 24. dxe5 $14 Nc5 25. Na3) 24... f4 $2 {[#]} ({Better is} 24... gxh5 $11 25. Qg5+ {[%mdl 64] Double Attack} Kf7) 25. Rg5 $1 $16 N5f6 26. Nh4 {Black must now prevent Qd3.} Nf8 (26... exd4 $142 27. Rxg6+ Kf7 28. Rxe8 Rxe8) 27. Rgxe5 $18 ({Less strong is} 27. Rexe5 N6h7 $16) 27... Rxe5 28. Rxe5 fxg3 29. fxg3 Be6 30. Qe2 Re8 31. Nd2 Qd7 32. Kh2 Bf7 33. Rxe8 Bxe8 34. Qe5 Qd8 (34... Qe6 {was necessary.} 35. Qc7+ Bd7) 35. Ne4 N8d7 36. Qg5 Kh7 37. Nxf6+ Nxf6 {[#]} 38. Be4 $1 {[%mdl 576] Pin} Qe7 (38... Nxe4 39. Qxd8) 39. Bxg6+ Bxg6 40. Qxg6+ Kh8 41. Qh6+ Kg8 42. Qg6+ Kh8 $1 43. Ng2 Nd5 44. c4 {[%cal Bc3c4,Bc4c5][%mdl 32]} Nb4 45. Nf4 Qe3 46. Qf6+ Kg8 47. Qe6+ Qxe6 48. Nxe6 {[%mdl 4096] Endgame KN-KN} Nd3 49. c5 Nxb2 50. Nd8 Nxa4 51. Nxb7 Kf7 52. Nd8+ Kf6 53. Nxc6 Ke6 54. Nxa5 Kd5 55. c6 Nb6 56. h4 {[%cal Bh3h4,Bh4h5][%mdl 32]} Kxd4 57. h5 {White mates.} Ke5 58. g4 Nd5 59. Kg3 {Accuracy: White = 66%, Black = 47%.} 1-0

[Event "48th Rilton Cup 2018"]
[Site "Stockholm"]
[Date "2018.12.30"]
[Round "4"]
[White "Zou, Chen"]
[Black "Urkedal, Frode Olav Olsen"]
[Result "0-1"]
[WhiteElo "2384"]
[BlackElo "2537"]
[Annotator "ChessBase"]
[PlyCount "84"]
[EventDate "2018.12.27"]
[EventType "swiss"]
[EventCountry "SWE"]
[SourceTitle "playchess.com"]
[Source "ChessBase"]
[SourceQuality "1"]
[TimeControl "40/5400+30:1800+30"]

1. e4 {[%emt 0:00:00]} e5 {[%emt 0:00:00]} 2. Nf3 {[%emt 0:00:00]} Nc6 {[%emt 0:00:00]} 3. Bb5 {[%emt 0:00:00]} a6 {[%emt 0:00:00]} 4. Ba4 {[%emt 0:00:00]} Nf6 {[%emt 0:00:00]} 5. O-O {[%emt 0:00:00]} Be7 {[%emt 0:00:00]} 6. Re1 {[%emt 0:00:00]} b5 {[%emt 0:00:00]} 7. Bb3 {[%emt 0:00:01]} O-O {[%emt 0:00:00]} 8. a4 {[%emt 0:00:29]} b4 {[%emt 0:00:20]} 9. a5 {[%emt 0:01:25]} d6 {[%emt 0:01:10]} 10. d3 {[%emt 0:00:07]} Rb8 {[%emt 0:00:34]} 11. Nbd2 {[%emt 0:01:08]} Be6 {[%emt 0:00:36]} 12. Bxe6 {[%emt 0:01:43]} fxe6 {[%emt 0:00:05]} 13. Nb3 {[%emt 0:00:06]} Qe8 {[%emt 0:02:20]} 14. d4 {[%emt 0:07:51]} exd4 {[%emt 0:01:32]} 15. Nbxd4 {[%emt 0:00:12]} Nxd4 {[%emt 0:01:20]} 16. Nxd4 {[%emt 0:00:19]} Qd7 {[%emt 0:01:04]} 17. Qe2 {[%emt 0:05:30]} c5 {[%emt 0:06:10]} 18. Nf3 {[%emt 0:05:11]} Ne8 {[%emt 0:00:19]} 19. Nd2 {[%emt 0:23:21]} Nc7 {[%emt 0:08:39]} 20. Nc4 {[%emt 0:03:52]} d5 {[%emt 0:00:31]} 21. Ne5 {[%emt 0:13:29]} Qd6 {[%emt 0:03:04]} 22. Qh5 {[%emt 0:01:58]} dxe4 {[%emt 0:12:59]} 23. Rxe4 {[%emt 0:02:44]} Qd5 {[%emt 0:03:54]} 24. Qg4 {[%emt 0:14:47]} Bf6 {[%emt 0:04:51]} 25. Bh6 {[%emt 0:08:36]} Nb5 {[%emt 0:03:04]} 26. Nc4 {[%emt 0:00:37]} Nd4 {[%emt 0:05:23]} 27. Ne3 {[%emt 0:00:19]} Qc6 {[%emt 0:06:21]} 28. Nc4 {[%emt 0:01:44]} Kh8 {[%emt 0:00:55]} 29. Be3 {[%emt 0:01:01]} Nxc2 {[%emt 0:02:51]} 30. Rxe6 {[%emt 0:00:31]} Qd5 {[%emt 0:01:10]} 31. Rc1 {[%emt 0:02:11]} Nxe3 {[%emt 0:04:00]} 32. Rxe3 {[%emt 0:04:26]} Bd4 {[%emt 0:05:18]} 33. Rf3 {[%emt 0:01:58]} Rbe8 {[%emt 0:01:11]} 34. b3 {[%emt 0:00:37]} h5 {[%emt 0:03:23]} 35. Qg6 {[%emt 0:00:42]} Rd8 {[%emt 0:03:47]} 36. Rf1 {[%emt 0:00:33]} Rxf3 {[%emt 0:00:47]} 37. gxf3 {[%emt 0:00:19]} Qxf3 {[%emt 0:00:48]} 38. Nd2 {[%emt 0:00:28]} Qe2 {[%emt 0:01:50]} 39. Ne4 {[%emt 0:00:38]} Rf8 {[%emt 0:02:29]} 40. Qe6 {[%emt 0:00:32]} Bxf2+ {[%emt 0:00:37]} 41. Rxf2 {[%emt 0:30:29]} Qe1+ {[%emt 0:30:05]} 42. Kg2 {[%emt 0:00:21]} Rxf2+ {[%emt 0:00:05]} 0-1

[Event "48th Rilton Cup 2018"]
[Site "Stockholm"]
[Date "2018.12.30"]
[Round "4"]
[White "Roy, Prantik"]
[Black "Kulaots, Kaido"]
[Result "0-1"]
[WhiteElo "2382"]
[BlackElo "2555"]
[Annotator "ChessBase"]
[PlyCount "64"]
[EventDate "2018.12.27"]
[EventType "swiss"]
[EventCountry "SWE"]
[SourceTitle "playchess.com"]
[Source "ChessBase"]
[SourceQuality "1"]
[TimeControl "40/5400+30:1800+30"]

1. d4 {[%emt 0:00:00]} Nf6 {[%emt 0:00:00]} 2. Bg5 {[%emt 0:00:00]} d5 {[%emt 0:00:07]} 3. Bxf6 {[%emt 0:00:41]} exf6 {[%emt 0:00:15]} 4. e3 {[%emt 0:00:07]} Bd6 {[%emt 0:00:33]} 5. Bd3 {[%emt 0:00:45]} c6 {[%emt 0:05:34]} 6. Nd2 {[%emt 0:02:08]} f5 {[%emt 0:03:15]} 7. Qf3 {[%emt 0:04:08]} g6 {[%emt 0:01:06]} 8. h3 {[%emt 0:00:43]} h5 {[%emt 0:11:44]} 9. Ne2 {[%emt 0:03:10]} h4 {[%emt 0:10:02]} 10. c4 {[%emt 0:06:36]} dxc4 {[%emt 0:02:44]} 11. Nxc4 {[%emt 0:01:11]} Bc7 {[%emt 0:03:17]} 12. Nc3 {[%emt 0:06:23]} Be6 {[%emt 0:09:35]} 13. O-O-O {[%emt 0:03:00]} Nd7 {[%emt 0:03:42]} 14. Kb1 {[%emt 0:07:14]} O-O {[%emt 0:02:18]} 15. Nd2 {[%emt 0:14:11]} Ba5 {[%emt 0:12:37]} 16. Bc4 {[%emt 0:12:42]} Bxc4 {[%emt 0:00:46]} 17. Nxc4 {[%emt 0:00:05]} Bxc3 {[%emt 0:00:08]} 18. bxc3 {[%emt 0:00:03]} Nb6 {[%emt 0:02:06]} 19. Nxb6 {[%emt 0:01:47]} axb6 {[%emt 0:00:21]} 20. Rd2 {[%emt 0:03:52]} b5 {[%emt 0:01:37]} 21. g4 {[%emt 0:04:04]} hxg3 {[%emt 0:01:32]} 22. fxg3 {[%emt 0:00:11]} Ra3 {[%emt 0:07:55]} 23. g4 {[%emt 0:00:53]} f4 {[%emt 0:01:05]} 24. exf4 {[%emt 0:02:54]} b4 {[%emt 0:00:58]} 25. Rc1 {[%emt 0:04:41]} Qa5 {[%emt 0:02:08]} 26. Rb2 {[%emt 0:07:24]} bxc3 {[%emt 0:01:29]} 27. Rb3 {[%emt 0:00:05]} Rxa2 {[%emt 0:06:38]} 28. Qxc3 {[%emt 0:00:13]} Qa6 {[%emt 0:00:41]} 29. Qd3 {[%emt 0:05:26]} Qa4 {[%emt 0:03:17]} 30. f5 {[%emt 0:01:56]} Ra8 {[%emt 0:01:17]} 31. fxg6 {[%emt 0:00:53]} Rf2 {[%emt 0:01:03]} 32. gxf7+ {[%emt 0:01:11]} Kf8 {[%emt 0:00:15]} 0-1

[Event "48th Rilton Cup 2018"]
[Site "Stockholm"]
[Date "2018.12.30"]
[Round "4"]
[White "Schmidek, Emil"]
[Black "Hillarp Persson, Tiger"]
[Result "0-1"]
[WhiteElo "2382"]
[BlackElo "2546"]
[Annotator "ChessBase"]
[PlyCount "102"]
[EventDate "2018.12.27"]
[EventType "swiss"]
[EventCountry "SWE"]
[SourceTitle "playchess.com"]
[Source "ChessBase"]
[SourceQuality "1"]
[TimeControl "40/5400+30:1800+30"]

1. e4 {[%emt 0:00:00]} c6 {[%emt 0:00:00]} 2. d4 {[%emt 0:00:00]} d5 {[%emt 0:00:00]} 3. e5 {[%emt 0:00:00]} Bf5 {[%emt 0:00:00]} 4. Nf3 {[%emt 0:00:00]} e6 {[%emt 0:00:00]} 5. Be2 {[%emt 0:00:00]} c5 {[%emt 0:00:09]} 6. Be3 {[%emt 0:00:00]} Qb6 {[%emt 0:00:07]} 7. Nc3 {[%emt 0:00:08]} Qxb2 {[%emt 0:00:23]} 8. Qb1 {[%emt 0:00:12]} Qxb1+ {[%emt 0:00:32]} 9. Rxb1 {[%emt 0:00:05]} c4 {[%emt 0:00:09]} 10. Rxb7 {[%emt 0:00:37]} Nc6 {[%emt 0:00:10]} 11. Nb5 {[%emt 0:01:43]} Nd8 {[%emt 0:03:07]} 12. Rc7 {[%emt 0:00:13]} Rb8 {[%emt 0:02:40]} 13. Nd6+ {[%emt 0:00:07]} Bxd6 {[%emt 0:00:09]} 14. exd6 {[%emt 0:00:03]} Rb1+ {[%emt 0:02:35]} 15. Bd1 {[%emt 0:00:05]} Bxc2 {[%emt 0:00:46]} 16. Kd2 {[%emt 0:00:08]} Bxd1 {[%emt 0:00:41]} 17. Rxd1 {[%emt 0:00:08]} Rb6 {[%emt 0:02:15]} 18. Bf4 {[%emt 0:20:49]} Nf6 {[%emt 0:01:42]} 19. Re7+ {[%emt 0:04:45]} Kf8 {[%emt 0:00:07]} 20. Rxa7 {[%emt 0:00:43]} Ne4+ {[%emt 0:02:40]} 21. Kc2 {[%emt 0:02:43]} f6 {[%emt 0:05:42]} 22. Rb1 {[%emt 0:35:53]} Rxb1 {[%emt 0:01:49]} 23. Kxb1 {[%emt 0:00:02]} g5 {[%emt 0:06:39]} 24. Bc1 {[%emt 0:04:05]} Nf7 {[%emt 0:13:32]} 25. d7 {[%emt 0:04:58]} Nc3+ {[%emt 0:42:42]} 26. Kc2 {[%emt 0:00:41]} Nb5 {[%emt 0:00:20]} 27. Rb7 {[%emt 0:02:15]} Nbd6 {[%emt 0:00:07]} 28. Ba3 {[%emt 0:01:18]} Ke7 {[%emt 0:00:08]} 29. d8=Q+ {[%emt 0:03:36]} Kxd8 {[%emt 0:00:13]} 30. Ra7 {[%emt 0:00:29]} g4 {[%emt 0:02:09]} 31. Ng1 {[%emt 0:02:33]} Nb5 {[%emt 0:01:14]} 32. Be7+ {[%emt 0:02:07]} Ke8 {[%emt 0:00:11]} 33. Rb7 {[%emt 0:00:30]} Nxd4+ {[%emt 0:00:12]} 34. Kc3 {[%emt 0:00:23]} Nc6 {[%emt 0:00:12]} 35. Bxf6 {[%emt 0:00:15]} Nd6 {[%emt 0:04:02]} 36. Rb6 {[%emt 0:05:34]} Ne4+ {[%emt 0:00:27]} 37. Kc2 {[%emt 0:00:20]} Rf8 {[%emt 0:02:48]} 38. f3 {[%emt 0:02:24]} Rxf6 {[%emt 0:00:19]} 39. Rxc6 {[%emt 0:03:21]} Ng5 {[%emt 0:00:32]} 40. Ra6 {[%emt 0:04:31]} Kd7 {[%emt 0:01:09]} 41. Ne2 {[%emt 0:06:09]} gxf3 {[%emt 0:01:42]} 42. gxf3 {[%emt 0:00:04]} Rxf3 {[%emt 0:01:33]} 43. Nd4 {[%emt 0:01:45]} Rh3 {[%emt 0:05:40]} 44. Nb5 {[%emt 0:00:29]} Ne4 {[%emt 0:00:39]} 45. Ra7+ {[%emt 0:01:07]} Kc6 {[%emt 0:00:30]} 46. Nd4+ {[%emt 0:00:48]} Kb6 {[%emt 0:00:08]} 47. Re7 {[%emt 0:00:29]} Rxh2+ {[%emt 0:00:05]} 48. Kc1 {[%emt 0:00:19]} Nc5 {[%emt 0:00:16]} 49. Nxe6 {[%emt 0:02:31]} Nd3+ {[%emt 0:09:17]} 50. Kb1 {[%emt 0:00:12]} c3 {[%emt 0:00:11]} 51. Nd4 {[%emt 0:00:09]} c2+ {[%emt 0:00:30]} 0-1

[Event "48th Rilton Cup 2018"]
[Site "Stockholm"]
[Date "2018.12.30"]
[Round "4"]
[White "Schekachikhin, Maksim"]
[Black "Ivanov, Sergey"]
[Result "1-0"]
[WhiteElo "2368"]
[BlackElo "2524"]
[Annotator "TA"]
[PlyCount "107"]
[EventDate "2018.12.27"]
[EventType "swiss"]
[EventCountry "SWE"]
[SourceTitle "playchess.com"]
[Source "ChessBase"]
[SourceQuality "1"]

{[%evp 25,107,0,0,0,0,-4,0,-2,0,-37,-31,-39,-25,-38,-38,-57,-35,-47,-34,-34,-35,-42,-37,-42,-23,-24,-20,-23,-23,-25,-23,-22,-23,-22,-23,-24,-20,-23,-10,-22,-22,-102,0,0,0,-25,-12,-23,-21,-25,-6,-14,0,0,0,-14,-7,-15,0,-22,0,-55,-37,-41,-54,-55,0,0,0,0,0,0,0,0,0,0,208,203,256,256,256,256,256,249]} 1. d4 Nf6 2. c4 e6 3. Nc3 d5 4. cxd5 exd5 5. Bg5 c6 6. e3 Be7 7. Bd3 Nbd7 8. Nf3 O-O 9. Qc2 Re8 10. O-O Nf8 11. Bxf6 Bxf6 12. b4 Bg4 13. Nd2 Rc8 {LiveBook: 30 Games} 14. Rab1 {D36: Queen's Gambit Declined: Exchange Variation: Main line (5 Bg5 c6 6 Qc2)} (14. a4 Be7 15. Rfb1 Bd6 16. Bf5 Qh4 17. g3 Bxf5 18. Qxf5 Qe7 19. b5 Ne6 20. Nf3 g6 21. Qd3 Ng5 22. Nxg5 Qxg5 23. bxc6 bxc6 {1-0 (72) Rapport,R (2621)-Ipatov,A (2587) Wijk aan Zee 2013}) 14... g6 15. Rfc1 Be7 $146 16. a4 {The position is equal.} Bd6 17. Nf1 (17. h3 $5 {[%cal Rh3g4]} Be6 18. a5 $11) 17... Qg5 18. Kh1 Qh4 19. Qa2 Be6 20. a5 Nd7 21. Na4 Nf6 {Threatens to win with ...Bxh2!} 22. f3 a6 23. Kg1 Rc7 24. Qf2 Qxf2+ 25. Kxf2 h5 26. h4 Kg7 27. Nc5 Bc8 28. Nd2 Rce7 29. Re1 Ng8 30. Re2 Nh6 31. g3 Bf5 32. e4 dxe4 33. fxe4 (33. Ndxe4 $11 Bb8 34. Rd1) 33... Ng4+ ({Black should play} 33... Bg4 $17 34. Re3 Rd8) 34. Kg2 $11 Bc8 35. Nc4 Bc7 {next ...Rd8 is good for Black.} 36. Nd2 Rd8 37. Ndb3 Nf6 38. Bc4 Rde8 {[%cal Rf6e4]} 39. Rbe1 Rd8 40. Re3 Ng4 41. R3e2 f6 42. Nd3 Kh6 43. d5 (43. Ndc5 $11) 43... cxd5 44. exd5 Rxe2+ 45. Rxe2 Bd6 (45... b5 $15 46. axb6 Bxb6) 46. Nbc5 g5 47. hxg5+ fxg5 48. Ne6 Re8 49. Ndc5 Re7 50. Bb3 Rf7 $2 {[#]} (50... Kg6 $11) 51. Nxg5 $1 $18 {[%mdl 512]} Re7 (51... Kxg5 52. Ne4+) 52. Rxe7 {White has a decisive advantage.} Bxe7 53. Nf7+ Kg7 {White must now prevent ...Bxc5.} 54. d6 {Precision: White = 57%, Black = 59%.} 1-0

[Event "48th Rilton Cup 2018"]
[Site "Stockholm"]
[Date "2018.12.31"]
[Round "5"]
[White "Kobalia, Mikhail"]
[Black "Holm, Kristian Stuvik"]
[Result "1-0"]
[WhiteElo "2620"]
[BlackElo "2468"]
[Annotator "TA"]
[PlyCount "73"]
[EventDate "2018.12.27"]
[EventType "swiss"]
[EventCountry "SWE"]
[SourceTitle "playchess.com"]
[Source "ChessBase"]
[SourceQuality "1"]

{[%evp 22,73,36,32,46,37,32,37,46,35,35,35,35,38,39,40,32,33,41,31,54,13,17,16,22,21,16,20,87,87,87,88,87,83,116,124,206,204,204,189,349,336,334,295,12845,8416,12849,12851,5106,5089,5089,4714,4714,4135]} 1. e4 e5 2. Nf3 Nf6 3. Nxe5 d6 4. Nf3 Nxe4 5. d4 d5 6. Bd3 Bd6 7. O-O O-O 8. c4 c6 9. Qc2 Na6 10. a3 Bg4 11. Ne5 {C42: Petroff Defence: 3 Nxe5 and unusual White 3rd moves} Bf5 12. b4 {[#] LiveBook: 30 Games} c5 $1 {[%mdl 512]} (12... Nc7 13. f3 Bg6 14. c5 Bxe5 15. dxe5 Ng5 16. Bb2 d4 17. f4 Nd5 18. fxg5 Ne3 {1-0 (42) Anand,V (2767)-Caruana,F (2811) Wijk aan Zee 2018}) 13. f3 {White is slightly better.} (13. bxc5 Bxe5) 13... Bxe5 $1 14. dxe5 {Threatens to win with cxd5.} dxc4 15. Bxe4 Qd4+ {[%mdl 64] Double Attack} 16. Qf2 Bxe4 17. Qxd4 cxd4 18. fxe4 c3 19. Rd1 $146 Rfd8 20. Ra2 Nc7 21. Rd3 Ne6 22. Nxc3 dxc3 23. Rxc3 Rd4 24. Rac2 g5 {[#]} (24... Kf8 $11 {keeps the balance.}) 25. Bxg5 $1 $16 {[%mdl 512]} Nxg5 26. Rg3 h6 {Hoping for ...Kf8.} 27. h4 Rxe4 28. hxg5 hxg5 (28... Rxe5 $16 {keeps fighting.} 29. gxh6+ {[%mdl 64] Discovered Attack} Kh7) 29. Rxg5+ {[%mdl 4096] Endgame KRR-KRR} Kf8 30. Rc7 a5 $2 (30... Re8 {was necessary.} 31. Rxb7 a6) 31. Rf5 $18 (31. Rxb7 axb4 32. axb4 Re8 $16) 31... axb4 32. axb4 (32. Rcxf7+ Kg8 $16) 32... Re8 $2 (32... Kg8 33. Rxb7 (33. Rfxf7 b5 $18) 33... Ra1+ 34. Kf2 Ra2+ 35. Kf3 Rae2) 33. Rfxf7+ {White is clearly winning.} Kg8 34. Rg7+ Kh8 35. Rh7+ Kg8 36. Rcg7+ Kf8 37. Rxb7 {Accuracy: White = 90%, Black = 44%.} 1-0

[Event "48th Rilton Cup 2018"]
[Site "Stockholm"]
[Date "2018.12.31"]
[Round "5"]
[White "Donchenko, Alexander"]
[Black "Eggleston, David J"]
[Result "1-0"]
[WhiteElo "2604"]
[BlackElo "2397"]
[Annotator "TA"]
[PlyCount "101"]
[EventDate "2018.12.27"]
[EventType "swiss"]
[EventCountry "SWE"]
[SourceTitle "playchess.com"]
[Source "ChessBase"]
[SourceQuality "1"]

{[%evp 20,101,16,21,31,34,36,11,24,16,18,8,36,27,25,23,37,10,268,295,295,279,307,308,281,316,291,293,285,279,400,366,384,369,422,422,496,496,462,489,485,415,415,414,414,414,444,399,507,484,483,483,484,502,439,439,438,438,479,511,500,481,627,594,738,708,744,679,1684,876,1030,1004,1489,1298,2064,1863,29991,29976,29992,29993,29993,29992,29994,3418]} 1. d4 Nf6 2. c4 e6 3. Nf3 d5 4. Nc3 Be7 5. Bf4 O-O 6. Rc1 c5 7. dxc5 Bxc5 8. e3 Nc6 9. a3 a6 10. cxd5 {D37: Queen's Gambit Declined: 5 Bf4} exd5 11. Bd3 {LiveBook: 13 Games} h6 $146 ({Predecessor:} 11... Ba7 12. O-O d4 13. exd4 Nxd4 14. Nxd4 Qxd4 15. Be3 Qh4 16. Bxa7 Rxa7 17. Qa4 Qxa4 18. Nxa4 {½-½ (68) Sargissian,G (2693)-Jakovenko,D (2722) Istanbul 2012}) 12. O-O {White is slightly better.} Ba7 13. h3 d4 14. exd4 Nxd4 15. Nxd4 Bxd4 16. Qf3 Be6 17. Rfd1 $36 {[%mdl 2048] White has some pressure.} ({Much weaker is} 17. Qxb7 Bxc3 18. Rxc3 Nd5 $15) 17... Qb6 18. Ne2 Bc5 $2 {[%mdl 8192] [#]} (18... Bd5 $11 19. Qg3 Nh5 20. Bh7+ {[%mdl 64] Decoy} Kxh7 21. Qd3+ {[%mdl 64] Double Attack} Kg8 22. Qxd4 Qxd4 23. Rxd4 Nxf4 24. Nxf4 Bc6) 19. b4 $1 $18 Be7 20. Be3 Qd6 {[#]} 21. Bh7+ $1 {[%mdl 576] Discovered Attack} Kxh7 (21... Nxh7 22. Rxd6) 22. Rxd6 Bxd6 23. Bf4 Bxf4 24. Nxf4 Bc8 (24... Rac8 $142) 25. Rc7 Kg8 26. Qd3 Rb8 27. Re7 Ra8 28. Ng6 fxg6 29. Qxg6 {[%csl Ge7][%cal Rg6g7]} Ne8 {intending ...Bf5.} 30. Rxe8 {Re7 would kill now.} Bf5 31. Rxf8+ Rxf8 {[%mdl 4096] Endgame KQ-KRB} 32. Qd6 Rf7 33. Qd5 Bc2 34. g4 Ba4 35. f4 {[%cal Bf2f4,Bf4f5][%mdl 32]} Bc6 36. Qe6 Bd7 37. Qe5 Bc6 38. f5 Kf8 39. Qb8+ Ke7 40. Kh2 h5 41. Qe5+ Kf8 42. g5 {[%cal Bg4g5,Bg5g6][%mdl 32]} Rd7 43. Kg3 Kf7 44. Kh4 Re7 45. g6+ Kf8 46. Qb8+ Re8 47. Qd6+ Kg8 48. Kxh5 {White mates.} Rf8 49. Qe6+ Kh8 50. Kg5 a5 51. Qc4 {Accuracy: White = 79%, Black = 32%.} (51. f6 $142 Bd5 52. Qxd5 {[%mdl 64] Double Attack} Rg8 53. fxg7+ Rxg7 54. Qe5 a4 55. Kh6 Kg8 56. Qxg7#) 1-0

[Event "48th Rilton Cup 2018"]
[Site "Stockholm"]
[Date "2018.12.31"]
[Round "5"]
[White "Gajewski, Grzegorz"]
[Black "Thybo, Jesper Sondergaard"]
[Result "1-0"]
[WhiteElo "2598"]
[BlackElo "2519"]
[Annotator "TA"]
[PlyCount "75"]
[EventDate "2018.12.27"]
[EventType "swiss"]
[EventCountry "SWE"]
[SourceTitle "playchess.com"]
[Source "ChessBase"]
[SourceQuality "1"]

{[%evp 23,75,24,13,0,10,16,20,25,29,28,47,46,50,47,44,23,115,32,78,86,93,87,83,82,75,78,83,83,86,85,128,127,118,122,172,180,221,210,397,405,578,477,485,461,905,715,6204,821,3184,5913,5565,4102,2855,2739]} 1. d4 Nf6 2. c4 e6 3. Nf3 d5 4. Nc3 Bb4 5. Bg5 h6 6. Bxf6 Qxf6 7. Qa4+ Nc6 8. e3 O-O {D38: Queen's Gambit Declined: Ragozin Defence (4 Nf3 Bb4)} 9. Be2 (9. Rc1 Rd8 10. h4 e5 11. cxd5 Rxd5 12. dxe5 Bxc3+ 13. Rxc3 Nxe5 14. Qe8+ Kh7 15. Ng5+ Kg6 16. f4 hxg5 17. fxe5 {1-0 (112) Li,C (2732)-Le,Q (2737) Riadh 2017}) 9... Bd7 10. Qb3 dxc4 11. Qxc4 Qg6 12. a3 Bd6 {LiveBook: 3 Games} ({Don't blunder} 12... Qxg2 $2 13. Rg1 $18) 13. Nh4 $146 ({Predecessor:} 13. O-O e5 14. d5 Ne7 15. Nh4 Qh7 16. Ne4 {½-½ (41) Holt,C (2533)-Naroditsky,D (2622) Chicago 2015}) 13... Qf6 14. g3 Rfd8 15. O-O Rac8 16. b4 e5 {[%cal Re5d4]} 17. d5 Nb8 $1 18. Ne4 Qe7 19. Nc5 c6 (19... Bxc5 $11 20. bxc5 (20. Qxc5 Qxc5 21. bxc5 Bh3 $11) 20... Bh3) 20. Nxd7 (20. Nxb7 $16 cxd5 21. Qa2) 20... cxd5 21. Qxd5 Qxd7 22. Rfd1 Nc6 23. Qe4 $36 {[%mdl 2048] And now Bg4 would win. White has strong initiative.} Ne7 24. Bg4 Qc6 25. Qd3 Bc7 26. Bd7 Qb6 27. Rac1 {Strongly threatening Qc2.} Ra8 28. a4 {Hoping for a5.} a5 {[#]} 29. b5 $1 g6 30. Nf3 e4 $2 (30... Bb8 31. Qe4 Qf6) 31. Qxe4 $18 Bd6 (31... Kf8 $142 32. Ne5 f5) 32. Ne5 {Black must now prevent Nxf7!White is clearly winning.} Bb4 33. Qf4 {[%mdl 64] [#] Double Attack} f5 (33... Rf8 $142 34. Bh3 g5) 34. Qc4+ Kg7 35. Qf7+ Kh8 36. Be6 Rg8 37. Rd7 Rg7 38. Qf6 {Accuracy: White = 73%, Black = 41%.} 1-0